| 000 -LEADER |
| fixed length control field |
00735nam a22002057a 4500 |
| 003 - CONTROL NUMBER IDENTIFIER |
| control field |
Ge_BSU |
| 005 - DATE AND TIME OF LATEST TRANSACTION |
| control field |
20260227112552.0 |
| 008 - FIXED-LENGTH DATA ELEMENTS--GENERAL INFORMATION |
| fixed length control field |
260227s1999 eng||||| |||| 00| 0 eng d |
| 020 ## - INTERNATIONAL STANDARD BOOK NUMBER |
| International Standard Book Number |
9780195123203x |
| 041 ## - LANGUAGE CODE |
| Language code of text/sound track or separate title |
eng |
| 080 ## - UNIVERSAL DECIMAL CLASSIFICATION NUMBER |
| Universal Decimal Classification number |
629.33(520) F-96 |
| 100 ## - MAIN ENTRY--PERSONAL NAME |
| Personal name |
Fujimoto, Takahiro |
| 9 (RLIN) |
27009 |
| 245 ## - TITLE STATEMENT |
| Title |
The evolution of a manufacturing system at Toyota / |
| Statement of responsibility, etc. |
Takahiro Fujimoto. |
| 264 ## - PRODUCTION, PUBLICATION, DISTRIBUTION, MANUFACTURE, AND COPYRIGHT NOTICE |
| Place of production, publication, distribution, manufacture |
New York ; |
| Name of producer, publisher, distributor, manufacturer |
Oxford Univ. press, |
| Date of production, publication, distribution, manufacture, or copyright notice |
1999. |
| 300 ## - PHYSICAL DESCRIPTION |
| Extent |
380 p.; |
| Other physical details |
25 cm. |
| 504 ## - BIBLIOGRAPHY, ETC. NOTE |
| Bibliography, etc. note |
Bibliogr.: p. 349-364 |
| 653 ## - INDEX TERM--UNCONTROLLED |
| keyword |
ავტომობილების წარმოება იაპონიაში |
| 653 ## - INDEX TERM--UNCONTROLLED |
| keyword |
"ტოიოტა"-საავტომობილი ფირმა. |
| 942 ## - ADDED ENTRY ELEMENTS (KOHA) |
| Source of classification or shelving scheme |
|
| Koha item type |
წიგნი |